| 000 | 00403nam a2200157Ia 4500 | ||
|---|---|---|---|
| 003 | Ost | ||
| 005 | 20260225132552.0 | ||
| 008 | 260225s9999||||xx |||||||||||||| ||und|| | ||
| 040 | _cfsic | ||
| 041 | _afre | ||
| 082 | _a440 | ||
| 100 |
_aSeddik Zoulim _eAuteur |
||
| 245 | 0 | _acontribution à l'étude critique de la culture et de l'education socialistes / | |
| 245 | 0 | _cSeddik Zoulim | |
| 942 | _cكتاب | ||
| 999 |
_c34208 _d34208 |
||